| 000 -LEADER |
| fixed length control field |
02006cas a22005057i 4500 |
| 001 - CONTROL NUMBER |
| control field |
17683947 |
| 003 - CONTROL NUMBER IDENTIFIER |
| control field |
NUST |
| 005 - DATE AND TIME OF LATEST TRANSACTION |
| control field |
20200128135506.0 |
| 008 - FIXED-LENGTH DATA ELEMENTS--GENERAL INFORMATION |
| fixed length control field |
130403d20122012nyumr p 0 a0eng |
| 010 ## - LIBRARY OF CONGRESS CONTROL NUMBER |
| LC control number |
2013201870 |
| 022 0# - INTERNATIONAL STANDARD SERIAL NUMBER |
| International Standard Serial Number |
2327-8854 |
| Source |
1 |
| 035 ## - SYSTEM CONTROL NUMBER |
| System control number |
(OCoLC)ocn835145051 |
| 037 ## - SOURCE OF ACQUISITION |
| Source of stock number/acquisition |
Marvel Entertainment, LLC, Office of Publication, 135 West 50th St., New York, NY 10020 |
| 038 ## - RECORD CONTENT LICENSOR |
| Staff Name |
MSOHAIL |
| 040 ## - CATALOGING SOURCE |
| Original cataloging agency |
DLC |
| Language of cataloging |
eng |
| Description conventions |
rda |
| Transcribing agency |
DLC |
| Modifying agency |
OCLCQ |
| -- |
DLC |
| -- |
OCLCF |
| -- |
OCLCO |
| -- |
OCL |
| 042 ## - AUTHENTICATION CODE |
| Authentication code |
nsdp |
| -- |
pcc |
| 050 00 - LIBRARY OF CONGRESS CALL NUMBER |
| Classification number |
Comic Book 11607 |
| 082 00 - DEWEY DECIMAL CLASSIFICATION NUMBER |
| Classification number |
823.7 |
| Edition number |
23 |
| 130 0# - MAIN ENTRY--UNIFORM TITLE |
| Uniform title |
Northanger Abbey (New York, N.Y.) |
| 9 (RLIN) |
28117 |
| 222 #0 - KEY TITLE |
| Key title |
Northanger Abbey |
| 245 10 - TITLE STATEMENT |
| Title |
Northanger Abbey. |
| 246 14 - VARYING FORM OF TITLE |
| Title proper/short title |
Jane Austin's Northanger Abbey |
| 264 #1 - PRODUCTION, PUBLICATION, DISTRIBUTION, MANUFACTURE, AND COPYRIGHT NOTICE |
| Place of production, publication, distribution, manufacture |
New York, NY : |
| Name of producer, publisher, distributor, manufacturer |
Marvel Worldwide, Inc., |
| Date of production, publication, distribution, manufacture, or copyright notice |
2006- |
| 300 ## - PHYSICAL DESCRIPTION |
| Extent |
283 numbers : |
| Other physical details |
color illustrations ; |
| Dimensions |
26 cm |
| 310 ## - CURRENT PUBLICATION FREQUENCY |
| Current publication frequency |
Monthly |
| 336 ## - CONTENT TYPE |
| Content type term |
text |
| Content type code |
txt |
| Source |
rdacontent |
| 337 ## - MEDIA TYPE |
| Media type term |
unmediated |
| Media type code |
n |
| Source |
rdamedia |
| 338 ## - CARRIER TYPE |
| Carrier type term |
volume |
| Carrier type code |
nc |
| Source |
rdacarrier |
| 362 1# - DATES OF PUBLICATION AND/OR SEQUENTIAL DESIGNATION |
| Dates of publication and/or sequential designation |
Began with no. 1 (Jan. 2012); ceased with no. 5 (May 2012). |
| 500 ## - GENERAL NOTE |
| General note |
"Limited Series 1 of 5." |
| 588 ## - SOURCE OF DESCRIPTION NOTE |
| Source of description note |
Description based on surrogate of: No. 1 (January 2012); title from indicia. |
| 588 ## - SOURCE OF DESCRIPTION NOTE |
| Source of description note |
Latest issue consulted: No. 4 (April 2012). |
| 648 #7 - SUBJECT ADDED ENTRY--CHRONOLOGICAL TERM |
| Chronological term |
1800-1899 |
| Source of heading or term |
fast |
| 9 (RLIN) |
8225 |
| 650 #0 - SUBJECT ADDED ENTRY--TOPICAL TERM |
| Topical term or geographic name entry element |
Young women |
| Form subdivision |
Comic books, strips, etc. |
| 9 (RLIN) |
28118 |
| 650 #7 - SUBJECT ADDED ENTRY--TOPICAL TERM |
| Topical term or geographic name entry element |
Manners and customs. |
| Source of heading or term |
fast |
| Authority record control number or standard number |
(OCoLC)fst01007815 |
| 9 (RLIN) |
11348 |
| 650 #7 - SUBJECT ADDED ENTRY--TOPICAL TERM |
| Topical term or geographic name entry element |
Young women. |
| Source of heading or term |
fast |
| Authority record control number or standard number |
(OCoLC)fst01183301 |
| 9 (RLIN) |
11349 |
| 651 #0 - SUBJECT ADDED ENTRY--GEOGRAPHIC NAME |
| Geographic name |
England |
| General subdivision |
Social life and customs |
| Chronological subdivision |
19th century |
| Form subdivision |
Comic books, strips, etc. |
| 9 (RLIN) |
28119 |
| 651 #7 - SUBJECT ADDED ENTRY--GEOGRAPHIC NAME |
| Geographic name |
England. |
| Source of heading or term |
fast |
| Authority record control number or standard number |
(OCoLC)fst01219920 |
| 9 (RLIN) |
28120 |
| 655 #7 - INDEX TERM--GENRE/FORM |
| Genre/form data or focus term |
Comics (Graphic works) |
| Source of term |
fast |
| Authority record control number |
(OCoLC)fst01921613 |
| 9 (RLIN) |
28121 |
| 655 #7 - INDEX TERM--GENRE/FORM |
| Genre/form data or focus term |
Comics (Graphic works) |
| Source of term |
lcgft |
| 9 (RLIN) |
28121 |
| 655 #7 - INDEX TERM--GENRE/FORM |
| Genre/form data or focus term |
Comic books, strips, etc. |
| Source of term |
fast |
| Authority record control number |
(OCoLC)fst01423722 |
| 9 (RLIN) |
28122 |
| 906 ## - LOCAL DATA ELEMENT F, LDF (RLIN) |
| a |
7 |
| b |
cbc |
| c |
serials |
| d |
2 |
| e |
ncip |
| f |
20 |
| g |
n-oclcserc |
| 942 ## - ADDED ENTRY ELEMENTS (KOHA) |
| Source of classification or shelving scheme |
|
| Koha item type |
Book |